| 000 | 00722cam a2200253 4500 | ||
|---|---|---|---|
| 008 | 090401t1988 xxu||||| |||| 00| 0 eng d | ||
| 020 | _a029139776X | ||
| 035 | _a(Sirsi) u23648 | ||
| 041 | _aeng | ||
| 050 | _a690.241 | ||
| 100 | _aAshurst, Nicola | ||
| 245 | _aPractical building conservation ... Volume 5: wood, glass and resins and technical bibliography | ||
| 260 |
_aAldershot,Hants _bGower Technical Press _c1988 |
||
| 300 | _axi,114p. : ill. ; 25cm. | ||
| 350 | _a14.95 | ||
| 490 | _aEnglish Heritage Technical Handbook | ||
| 650 | _aBIBLIOGRAPHIES | ||
| 650 | _aCONSERVATION | ||
| 650 | _aHISTORIC BUILDINGS | ||
| 650 | _aTIMBER | ||
| 700 | _aAshurst, John | ||
| 942 | _n0 | ||
| 948 | _c04/03/1997 | ||
| 999 |
_c88431 _d88431 |
||